Statistics for Countries by a Single Clue

Click here to take the quiz!

General Stats

  • This quiz has been taken 21 times
  • The average score is 6 of 15

Answer Stats

HintCountry% Correct
This country is the largest producer of corn in the world.The United States of America
83%
The capital of this country is Baghdad.Iraq
78%
This country has the highest no. of UNESCO World Heritage Sites in the world.Italy
72%
This is the most populous country in Africa.Nigeria
72%
The great scientist Albert Einstien was born here.Germany
67%
This country is the only place in the world where you can see the sun rise on the Pacific and set on the Atlantic.Panama
44%
This is the richest country in the world.Qatar
39%
This is the smallest country in North America.El Salvador
33%
This country has the largest sikh population in the world.Canada
28%
This country was the first to make chocolate.Mexico
22%
This country has the largest residential palace in the world.Brunei
17%
This country is the least polluted country in the world.Sweden
17%
This country created the first animated feature film.Argentina
11%
This was the first country to mine diamonds.India
11%
This is the most ethintically diverse country in the world.Uganda
11%

Score Distribution

Percentile by Number Answered

Percent of People with Each Score

Your Score History

You have not taken this quiz